Online
Catalog

Los inmigrantes norteamericanos de Samaná / (Record no. 58729)

MARC details
000 -CABECERA
campo de control de longitud fija 02058nam a2200337 i 4500
003 - IDENTIFICADOR DEL NÚMERO DE CONTROL
campo de control DO-SdBNP
005 - FECHA Y HORA DE LA ÚLTIMA TRANSACCIÓN
campo de control 20250416110027.0
007 - CAMPO FIJO DE DESCRIPCIÓN FÍSICA--INFORMACIÓN GENERAL
campo de control de longitud fija ta
008 - DATOS DE LONGITUD FIJA--INFORMACIÓN GENERAL
campo de control de longitud fija 250416b2024 dr ac||| |||| 00| 0 spa d
020 ## - NÚMERO INTERNACIONAL ESTÁNDAR DEL LIBRO
Número Internacional Estándar del Libro 9789945223729
040 ## - FUENTE DE LA CATALOGACIÓN
Centro catalogador/agencia de origen DO-SdBNP
Lengua de catalogación spa
Centro/agencia transcriptor BNPHU
Normas de descripción rda
041 ## - CÓDIGO DE LENGUA
Código de lengua del texto/banda sonora o título independiente spa
082 #4 - NÚMERO DE LA CLASIFICACIÓN DECIMAL DEWEY
Número de clasificación xxx
Número de documento/Ítem A658i 2024
Número de edición 22
100 ## - ENTRADA PRINCIPAL--NOMBRE DE PERSONA
Nombre de persona Aracena, Soraya
Término indicativo de función/relación autor
Código de función/relación aut.
9 (RLIN) 43422
245 14 - MENCIÓN DE TÍTULO
Título Los inmigrantes norteamericanos de Samaná /
Mención de responsabilidad, etc. Soraya Aracena ; edición y corrección, Karol González Snochowski ; prólogo, Matthew A. Randolph.
250 ## - MENCIÓN DE EDICIÓN
Mención de edición Segunda edición
264 ## - PRODUCCIÓN, PUBLICACIÓN, DISTRIBUCIÓN, FABRICACIÓN Y COPYRIGHT
Producción, publicación, distribución, fabricación y copyright Santo Domingo :
Nombre del de productor, editor, distribuidor, fabricante Fundación Antillas,
Fecha de producción, publicación, distribución, fabricación o copyright 2024.
300 ## - DESCRIPCIÓN FÍSICA
Extensión 95 páginas :
Otras características físicas ilustraciones, retratos ;
Dimensiones 22 cm.
336 ## - TIPO DE CONTENIDO
Término de tipo de contenido texto
Código de tipo de contenido txt
Fuente rdacontent
337 ## - TIPO DE MEDIO
Nombre/término del tipo de medio sin mediación
Código del tipo de medio n
Fuente rdamedia
338 ## - TIPO DE SOPORTE
Nombre/término del tipo de soporte volumen
Código del tipo de soporte nc
Fuente rdacarrier
500 ## - NOTA GENERAL
Nota general Incluye referencias bibliográficas y notas al pie de las páginas
500 ## - NOTA GENERAL
Nota general Incluye datos biográficos de la autora en las solapas
504 ## - NOTA DE BIBLIOGRAFÍA, ETC.
Nota de bibliografía, etc. Bibliografía: páginas 93-95
505 ## - NOTA DE CONTENIDO CON FORMATO
Nota de contenido con formato Prefacio. Un nuevo recorrido, 11.-- Prólogo, 13.-- Prólogo de la primera edición, 19.-- Introducción, 21.-- Geografía e historia de Samaná, 23.-- Llegada de los negros norteamericanos a Samaná, 29.-- Expresiones culturales de los negros originarios de Norteamérica en Samaná, 37.-- Culinaria, 37.-- Juegos tradicionales en Samaná, 43.-- Las religiones de los negros norteamericanos, 47.-- El metodismo wesleyano, 47.-- Cultos y ceremonias de la iglesia Evangélica en Samaná, 55.-- Cultos, 55.-- Cultos familiares, 56.-- Culto de oración, 57.-- Culto de adoración o comunión, 57.-- Culto de petición o anti-huracán, 59.-- Fiesta de aniversario de la iglesia Evangélica de Samaná, 63.-- Fiesta de la cosecha o Harvest, 64.-- Reunión junta oficiales, 68.-- La iglesia africana metodista episcopal (AME), 71.--
590 ## - NOTA LOCAL (RLIN)
Nota local Inventariado, 2025 /LP
700 1# - PUNTO DE ACCESO ADICIONAL--NOMBRE DE PERSONA
Nombre de persona González Snochowski, Karol,
Término indicativo de función/relación editor
Código de función/relación ed.
9 (RLIN) 87471
700 1# - PUNTO DE ACCESO ADICIONAL--NOMBRE DE PERSONA
Nombre de persona Randolph, Matthew A.
Término indicativo de función/relación prologuista
Código de función/relación pr.
9 (RLIN) 87472
910 ## - DATOS DE OPCIÓN DEL USUARIO (OCLC)
Datos de opción del usuario LP
942 ## - ELEMENTOS DE PUNTO DE ACCESO ADICIONAL (KOHA)
Fuente del sistema de clasificación o colocación Dewey Decimal Classification
Tipo de ítem Koha Libro
Holdings
Estado de retiro Estado de pérdida Fuente del sistema de clasificación o colocación Restricciones de uso No para préstamo Código de colección Localización permanente Ubicación/localización actual Ubicación en estantería Fecha de adquisición Fuente de adquisición Total de préstamos Signatura topográfica completa Código de barras Fecha visto por última vez Precio válido a partir de Tipo de ítem Koha Número de copia
    Dewey Decimal Classification Excluido de préstamo   Patrimonio Dominicano Biblioteca Nacional Pedro Henríquez Ureña Biblioteca Nacional Pedro Henríquez Ureña En catalogación 21.10.2024 Depósito Legal   xxx A658i 2024 2025-3451 16.04.2025 16.04.2025 Libro  
    Dewey Decimal Classification Excluido de préstamo   Patrimonio Dominicano Biblioteca Nacional Pedro Henríquez Ureña Biblioteca Nacional Pedro Henríquez Ureña En catalogación 21.10.2024 Depósito Legal   xxx A658i 2024 2025-3452 16.04.2025 16.04.2025 Libro e.2
    Dewey Decimal Classification Préstamo en sala   Dominicana de Servicio Biblioteca Nacional Pedro Henríquez Ureña Biblioteca Nacional Pedro Henríquez Ureña En catalogación 21.10.2024 Depósito Legal   xxx A658i 2024 2025-3453 16.04.2025 16.04.2025 Libro e.3

Powered by Koha